Working capital management

Saved in:
Bibliografiske detaljer
Hovedforfatter: Mehta, Dileep R. (autor)
Format: Bog
Sprog:engelsk
Udgivet: Englewood Cliffs Prentice-Hall 1974
Serier:Prentice-Hall Foundations of Finance Series
Fag:
Tags: Tilføj Tag
Ingen Tags, Vær først til at tagge denne postø!

MARC

LEADER 00000nam a2200000 a 4500
001 UCR9769
003 CL-VaPUC
008 980619e19740000us |||||||||||||||||eng|d
082 0 4 |a 658.152  |b MEH  |2 21 
100 |a Mehta, Dileep R.  |e autor  |9 412647 
245 1 0 |a Working capital management 
300 |a 182 p 
942 |c BK 
945 |d 19980619 00:00:00  |a cmena 
260 |a Englewood Cliffs  |b Prentice-Hall  |c 1974 
650 0 |a Administración de empresas   |9 260833 
650 0 |a Capital   |9 263726 
650 0 |a Administración financiera  |9 261146 
650 0 |a Toma de decisiones   |9 257530 
650 0 |a Inversiones  |9 345867 
583 |a last modification  |c 20150428 03:40:46  |k Rodrigo Vera 
490 0 |a Prentice-Hall Foundations of Finance Series 
999 |c 270945  |d 270943 
952 |0 0  |1 0  |4 0  |6 658_152000000000000_MEH_1974  |7 0  |8 P  |9 305410  |a BIBGIM  |b BIBGIM  |d 2019-11-20  |i 1420313  |o 658.152 MEH 1974  |p 1420313  |r 2025-01-15  |w 2019-11-20  |y BK  |k COM